Structural relations of the pre-Cambrian and Palaeozoic rocks north of the Ottawa and St. Lawrence valleys / (Record no. 25598)

MARC details
000 -LEADER
fixed length control field 01235cam a22003131a 4500
001 - CONTROL NUMBER
control field gs 15000845
003 - CONTROL NUMBER IDENTIFIER
control field DLC
005 - DATE AND TIME OF LATEST TRANSACTION
control field 20260227111318.0
008 - FIXED-LENGTH DATA ELEMENTS--GENERAL INFORMATION
fixed length control field 790620s1915 oncbf f000 0 eng
010 ## - LIBRARY OF CONGRESS CONTROL NUMBER
LC control number gs 15000845
035 ## - SYSTEM CONTROL NUMBER
System control number (OCoLC)5085692
040 ## - CATALOGING SOURCE
Original cataloging agency DLC
Transcribing agency TxCM
Modifying agency PPiU
-- DLC
043 ## - GEOGRAPHIC AREA CODE
Geographic area code n-cn---
050 00 - LIBRARY OF CONGRESS CALL NUMBER
Classification number QH1
Item number .C13 no. 18
051 ## - LIBRARY OF CONGRESS COPY, ISSUE, OFFPRINT STATEMENT
Classification number QE446
Item number .K5
100 1# - MAIN ENTRY--PERSONAL NAME
Personal name Kindle, E. M.
Fuller form of name (Edward Martin),
Dates associated with a name 1869-1940.
245 10 - TITLE STATEMENT
Title Structural relations of the pre-Cambrian and Palaeozoic rocks north of the Ottawa and St. Lawrence valleys /
Statement of responsibility, etc. by E.M. Kindle and L.D. Burling.
260 ## - PUBLICATION, DISTRIBUTION, ETC.
Place of publication, distribution, etc. Ottawa :
Name of publisher, distributor, etc. Government Printing Bureau,
Date of publication, distribution, etc. 1915.
300 ## - PHYSICAL DESCRIPTION
Extent ii, 23 p., [7] leaves of plates :
Other physical details ill., maps, plans [1] folded ;
Dimensions 25 cm.
490 1# - SERIES STATEMENT
Series statement Museum bulletin / National Museum of Canada ; no. 18.
-- Geological series ;
Volume/sequential designation no. 28
500 ## - GENERAL NOTE
General note Cover title.
500 ## - GENERAL NOTE
General note At head of title: Canada. Department of mines.
500 ## - GENERAL NOTE
General note "July 23, 1915."
650 #0 - SUBJECT ADDED ENTRY--TOPICAL TERM
Topical term or geographic name entry element Petrology
Geographic subdivision Canada.
650 #0 - SUBJECT ADDED ENTRY--TOPICAL TERM
Topical term or geographic name entry element Geology
Geographic subdivision Canada.
700 1# - ADDED ENTRY--PERSONAL NAME
Personal name Burling, Lancaster Demorest,
Dates associated with a name 1882-
830 #0 - SERIES ADDED ENTRY--UNIFORM TITLE
Uniform title Museum bulletin (National Museum of Canada) ;
Volume/sequential designation no. 18.
830 #0 - SERIES ADDED ENTRY--UNIFORM TITLE
Uniform title Museum bulletin (National Museum of Canada).
Name of part/section of a work Geological series ;
Volume/sequential designation no. 28.

No items available.

Powered by Koha